Responses for Show #8576 - Monday, February 14, 2022

Ken Jennings hosts.

Contestants

[<< previous game]

Hung Pham, an assistant adjunct professor from Stanton, California

Carrie Christian, a healthcare administrator from Rockledge, Florida

Dave Rapp, a writer from Valley Village, California (whose 1-day cash winnings total $30,000)

[next game >>]

Jeopardy! Round responses

GEOGRAPHY
POP CULTURE STUPID ANSWERS
CLASSIC NOVELS
COMMERCIAL SLOGANS
AMERICAN FIVES
SMELL YOU LATER
    $200 6
Oasis

Carrie
    $200 11
Donkey

Dave
    $200 30
1984

Dave
    $200 21
McDonald's

Carrie
    $200 16
the Padres

Dave
    $200 1
rotten

Dave
    $400 7
the Pyrenees

Dave
    $400 12
As Good as It Gets

Dave
    $400 29
The Red Badge of Courage

Carrie
    $400 22
your thirst

Hung
    $400 17
The Jackson 5

Dave
    $400 2
whiff

Dave
    $1,600 8
(Dave: What is...)
(Ken: Dave?)
(Dave: No, I don't know.)

the Ring of Fire

Dave
    $600 13
Eponymous

Dave
    $600 26
Invisible Man

Carrie
    $600 23
Walmart

Carrie
    $600 18
(Hung: Who is Louis?)
...
(Ken: Virginia and West Virginia.)

Elizabeth I

CarrieHung
    $600 3
rank

Dave
    $800 9
the Indian Ocean

Triple Stumper
    $800 14
Girls

Dave
    $800 27
Twenty Thousand Leagues Under the Sea

Dave
    $800 24
Under Armour

Carrie
    $800 19
(Carrie: What is Queens?)

the Bronx

DaveCarrie
    $800 4
musk

Hung
    $1000 10
an oxbow lake

Triple Stumper
    $1000 15
Sanford

Triple Stumper
    $1000 28
The Go-Between

Triple Stumper
    $1000 25
Charles Schwab

Carrie
    $1000 20
the FTC (Federal Trade Commission)

Triple Stumper
    $1000 5
heady

Triple Stumper

Scores at the first commercial break (after clue 15):

Dave Carrie Hung
$2,000 $200 $800

Scores at the end of the Jeopardy! Round:

Dave Carrie Hung
$4,400 $3,600 $600

Double Jeopardy! Round responses

BEHIND THE OLD TESTAMENT NAME
POTPOURRI
PART LATIN BEFORE & AFTER
SCIENCE
HISTORY BOOKS
JOHNNY GILBERT READS LYRICS FROM THE HEART
(Ken: You'll have to name the artist or the band.)
    $400 18
Adam

Dave
    $400 12
a clasp

Carrie
    $400 7
(Dave: What is cogito ergo sum up?)

cogito ergo sum total

Dave
Triple Stumper
    $400 1
acceleration

Carrie
    $400 30
Salem

Carrie
    $400 23
(Ken: That's "Someone Like You" by [*]. It's so much more romantic when Johnny does it; I can see why you were confused.)
[Laughter]

Adele

Triple Stumper
    $800 19
Susanna

Dave
    $800 14
(Dave: What is ahi--[*]?)

mahi-mahi

Dave
    $800 8
penny ante meridiem

Triple Stumper
    $800 3
herpetology

Hung
    $800 29
tobacco

Carrie
    $800 24
the Bee Gees

Dave
    $5,000 20
(Dave: Who is Joseph?)

Benjamin

Dave
    $1200 15
a saguaro

Hung
    $1200 9
Miami Vice versa

Dave
    $1200 4
strontium carbonate

Hung
    $1200 2
Bismarck

Dave
    $1200 25
Taylor Swift

Hung
    $1600 21
Deborah

Triple Stumper
    $1600 16
Morehouse

Dave
    $1600 10
Corpus Christi Brinkley

Dave
    $1600 5
cytoplasm

Carrie
    $1600 13
Plowshares

Dave
    $1600 26
(Ken: I'm sorry we didn't get to hear the "whoa oh ohs".)
[Laughter]

Journey

Dave
    $2000 22
Absalom

Dave
    $2000 17
(Carrie: Who is Schubert?)

the (Robert & Clara) Schumanns

Carrie
Triple Stumper
    $2000 11
Sheila E pluribus unum

Dave
    $2000 6
Bernoulli

Dave
    $3,000 28
the Knights Templar

Dave
    $2000 27
Frank Ocean

Triple Stumper

Scores at the end of the Double Jeopardy! Round:

Dave Carrie Hung
$19,600 $5,200 $5,000
(lock game)

[wagering suggestions for these scores]

Final Jeopardy! Round responses

THE MIDWEST
(Ken: [Prior to revealing the responses] We have players from both coasts today, but no one from the Midwest.)
...
(Ken: This is the most important port on Lake Superior which is [*]. [*] getting its day in the sun on Final Jeopardy!)
...
(Ken: [To Dave] You are now the longest-running mohawk champion in Jeopardy! history.)
[Applause]
HungWhat is Green Bay?
$1,025
CarrieWhat is Minneapolis?
$5,199
DaveWhat is Green Bay?
$2,400
Duluth, Minnesota

Final scores:

Dave Carrie Hung
$17,200 $1 $3,975
2-day champion: $47,200 3rd place: $1,000 2nd place: $2,000

Game dynamics:

Coryat scores:

Dave Carrie Hung
$25,200 $5,200 $5,000
27 R
(including 1 DD),
3 W
(including 2 DDs)
13 R,
2 W
6 R,
1 W

Combined Coryat: $35,400

[game clues] [game scores] [suggest correction]

Game tape date: 2021-12-13
The J! Archive is created by fans, for fans. Scraping, republication, monetization, and malicious use prohibited; this site may use cookies and collect identifying information. See terms. The Jeopardy! game show and all elements thereof, including but not limited to copyright and trademark thereto, are the property of Jeopardy Productions, Inc. and are protected under law. This website is not affiliated with, sponsored by, or operated by Jeopardy Productions, Inc. Join the discussion at JBoard.tv.